Bucarest : polvo y sangre /

Detalles Bibliográficos
Autor principal: Rejmer, Małgorzata (Autor)
Otros Autores: Rubio García, Ernesto (Traductor), Orzeszek, Agata (Traductor)
Formato: Electrónico eBook
Lenguaje:español
polaco
Publicado: [Valencia] : La Caja Books, [2019]
Edición:Primera edición.
Colección:Caja alta ; 4.
Materias:
Acceso en línea:Digitalia Hispánica

MARC

LEADER 00000nam a2200000Ii 4500
001 DIGCAJABK0006
003 NyNyDIG
006 m o d
007 cr |||||||||||
008 240722s2019 sp o 000 0 spa d
035 |a (OCoLC)1449536018 
040 |a DGITA  |b eng  |e rda  |e pn  |c DGITA 
020 |a 9788417496326  |q (epub) 
020 |z 9788417496234 
041 1 |a spa  |h pol 
043 |a e-rm--- 
050 1 4 |a DR286 ebook 
100 1 |a Rejmer, Małgorzata,  |e author. 
240 1 0 |a Bukareszt.  |l Spanish  |s (Rubio García and Orzeszek) 
245 1 0 |a Bucarest :  |b polvo y sangre /  |c Margo Rejmer ; traducción de Ernesto Rubio y Agata Orzeszek. 
250 |a Primera edición. 
264 1 |a [Valencia] :  |b La Caja Books,  |c [2019] 
300 |a 1 online resource. 
336 |a text  |b txt  |2 rdacontent 
337 |a computer  |b c  |2 rdamedia 
338 |a online resource  |b cr  |2 rdacarrier 
347 |a text file  |2 rdaft 
347 |b EPUB 
490 1 |a Caja alta 
588 0 |a Online resource; title from ePub title page (Digitalia, viewed July 22, 2024) 
651 0 |a Romania  |x Politics and government  |y 1944-1989. 
650 0 |a Bucharest (Romania)  |x History. 
700 1 |a Rubio García, Ernesto,  |e translator. 
700 1 |a Orzeszek, Agata,  |e translator. 
700 1 |i Translation of:  |a Rejmer, Małgorzata.  |t Bukareszt. 
791 2 |a Digitalia (Firm),  |e distributor. 
793 0 |g Digitalia eBook Collection:  |a La Caja Books 
776 0 8 |i Print version:  |a Rejmer, Małgorzata.  |s Bukareszt. Spanish (Rubio García and Orzeszek).  |t Bucarest.  |b Primera edición.  |d [Valencia] : La Caja Books, [2019]  |z 9788417496234 
830 0 |a Caja alta ;  |v 4. 
856 4 0 |3 Digitalia Hispánica  |u https://www.digitaliapublishing.com/a/100027/ 
910 |a Premium collection: 2024